Select Africa Countries on Map - Statistics

General Stats
  • This quiz has been taken 87 times
  • The average score is 41 of 54
Answers on the Map
Answers color-coded by a green-red scale on the quiz's map according to % correct below.
 
Answer Stats
Answer % Correct
Madagascar
91%
Chad
86%
Egypt
86%
Algeria
84%
South Africa
84%
Tunisia
83%
D.R. Congo
81%
Libya
81%
Morocco
81%
South Sudan
81%
Cape Verde
80%
Ethiopia
80%
Somalia
80%
Sudan
80%
Angola
78%
Eswatini
78%
Mozambique
78%
Benin
77%
Cameroon
77%
Eritrea
77%
Mali
77%
Rwanda
77%
Togo
77%
Djibouti
75%
Guinea-Bissau
75%
Kenya
75%
Namibia
75%
Niger
75%
Botswana
73%
Gabon
73%
Ghana
73%
Ivory Coast
73%
Lesotho
73%
Mauritania
73%
São Tomé and
Principe
73%
Central African
Republic
72%
Nigeria
72%
Rep. of the Congo
72%
Senegal
72%
Tanzania
72%
Burkina Faso
70%
Equatorial Guinea
70%
Malawi
70%
Sierra Leone
70%
Zimbabwe
70%
Burundi
69%
Gambia
69%
Liberia
69%
Uganda
69%
Guinea
67%
Mauritius
67%
Zambia
67%
Seychelles
64%
Comoros
63%
No matching quizzes found
Score Distribution
Percent of People with Each Score
Percentile by Number Answered
Your Score History
You have not taken this quiz